00848cam a2200217 a 450000100100000000500170001000800410002704000290006808200170009710000330011424500800014726001100022730000280033750400330036565000330039865000180043191000340044904900090048395201210049299900170061300001337120251104113514.0850318s1964 ve a b 000 0 spa d aDO-SdBNPbspacLCdBNPHU a332.46bE29t1 aEgidi Belli, Raniero.93058710aTeoria y política monetarias :bguía de estudio /cRaniero Egidi Belli. aCaracas :bInstituto de Investigaciones, Facultad de Economía, Universidad Central de Venezuela,c1964. a495 p. :bil. ;c24 cm. aBibliografía: p. 481-[485] 0aPolítica monetaria 930588 0aMoneda 93308 aCatalogación por copia / LC aBNGR 001052708MOaGRbGRcCTd2009-11-23iLF1l0o332.46 E29tp13371-10r2020-06-25w2020-06-25y2ZPréstamo interno c12997d12997